Holiday Quiz

Random Holiday or Song Quiz

'You're a Mean One, Mr. Grinch' Lyrics Quiz Stats

 Plays Quiz Updated Dec 8, 2017

Challenge
Share
Tweet
Embed
Score 0/228 Timer 08:00
27 Plays Today
% Correct
a
99.1%
a
99.1%
a
99.1%
a
99.1%
a
99.1%
a
99.1%
a
99.1%
a
99.1%
a
99.1%
a
99.1%
a
99.1%
a
99.1%
a
99.1%
a
99.1%
a
99.1%
a
99.1%
a
99.1%
a
99.1%
You
98.5%
you
98.5%
You
98.5%
You
98.5%
you
98.5%
You
98.5%
you
98.5%
Grinch.
98.1%
Grinch,
98.1%
Grinch.
98.1%
Grinch,
98.1%
Grinch.
98.1%
Grinch.
98.1%
Grinch,
98.1%
Grinch.
98.1%
Grinch,
98.1%
Grinch.
98.1%
Grinch,
98.1%
Grinch,
98.1%
you,
98.1%
Mr.
97.8%
Mr.
97.8%
Mr.
97.8%
Mr.
97.8%
Mr.
97.8%
Mr.
97.8%
Mr.
97.8%
Mr.
97.8%
Mr.
97.8%
Mr.
97.8%
Mr.
97.8%
Mr.
97.8%
one,
97.4%
one,
97.4%
one,
97.4%
mean
96.3%
You're
95.7%
You're
95.7%
you're
95.7%
You're
95.7%
You're
95.7%
You're
95.7%
You're
95.7%
You're
95.7%
you're
95.7%
You're
95.7%
You're
95.5%
You're
95.5%
an
93.4%
an
93.4%
an
93.4%
Your
92.9%
Your
92.9%
your
92.8%
your
92.8%
Your
92.8%
your
92.8%
Your
92.8%
% Correct
your
92.8%
me,
92.2%
I
88.2%
I
88.2%
are
84.6%
are
84.6%
and
80.3%
and
80.3%
and
80.3%
and
80.2%
the
78.8%
the
78.8%
the
78.8%
the
78.8%
with
78.5%
with
78.5%
with
78.5%
with
78.5%
With
78.5%
with
78.4%
the
78.4%
the
78.4%
the
78.4%
heart's
76.1%
really
76%
heart's
76%
in
75.8%
in
75.8%
in
75.8%
as
75.3%
as
75.3%
as
75.3%
as
75.3%
heart
75.3%
as
75.3%
of
74.8%
of
74.8%
of
74.8%
of
74.8%
of
74.8%
of
74.8%
of
74.6%
pole.
74.2%
foot
73.4%
is
73.2%
is
73.2%
is
73.2%
is
73.2%
half
71.1%
touch
70.2%
wouldn't
70.1%
crocodile.
67.2%
eel.
67%
crocodile.
67%
have
66.9%
have
66.9%
soul.
66.3%
soul
66.3%
soul
66.3%
black
65.6%
heel.
65.1%
three
64.4%
three
64.4%
thirty-nine
64.2%
bad
64.1%
'Stink,
64%
full
63.9%
full
63.9%
full
63.9%
banana
63.1%
empty
62.8%
seasick
62.7%
peel.
62.6%
stank,
62.5%
seasick
62.5%
stunk!'
62.3%
% Correct
cactus.
61.3%
greasy
61.1%
cuddly
61%
smile.
60.4%
hole.
59.7%
two
58.8%
foul
57.9%
charming
57.9%
got
57.4%
brain
57.3%
termites
57.2%
nasty
57.2%
I'd
57.2%
that
56.9%
spiders.
56.6%
between
56.2%
all
56.2%
take
55.6%
You've
55.3%
garlic
54.7%
choice
54.7%
words
54.4%
describe
53.9%
given
53.4%
quote:
53.2%
best
52.3%
monster,
51.8%
socks;
51.4%
follows
50.7%
wasty
49.3%
vile
48.8%
unwashed
48.5%
rotter,
48.3%
skunk.
48.2%
tender
46.7%
sweetness
46.2%
sauce!
46.1%
gunk.
45.7%
king
45.4%
arsenic
45.2%
nauseate
44.6%
spots.
44.4%
moldy
44.3%
sandwich
44.3%
purple
44.2%
tomato
43.8%
sinful
42.7%
sots.
42.1%
toadstool
41.1%
up
40.6%
up
40.6%
decker
40.5%
dead
39.2%
crooked
39.1%
crooked
39.1%
heap
38.6%
dump
38.4%
jerky
38.3%
sauerkraut
38.3%
most
37.2%
super-naus.
37.1%
hoss.
37%
tangled
36.8%
knots.
36.4%
appalling
35.9%
splotched
35.8%
drive
35.7%
nauseous
35.4%
mangled
35.3%
jockey,
35%
imaginable,
34.7%
rubbish
34.4%
overflowing
34.3%
assortment
32.3%
disgraceful
31.5%
deplorable
31.4%

You're not logged in!

Compare scores with friends on all Sporcle quizzes.
OR
Log In

You Might Also Like...

Show Comments

Extras

Top Quizzes Today


Score Distribution

Your Account Isn't Verified!

In order to create a playlist on Sporcle, you need to verify the email address you used during registration. Go to your Sporcle Settings to finish the process.

Report this User

Report this user for behavior that violates our Community Guidelines.

Details: